Nueve casos de MyPEs : micro y pequeñas empresas en Colombia /

Detalles Bibliográficos
Autor principal: Pérez Uribe, Rafael Ignacio (Autor)
Formato: Electrónico eBook
Lenguaje:español
Publicado: Bogotá : Ediciones EAN, 2021.
Materias:
Acceso en línea:Digitalia Hispánica

MARC

LEADER 00000nam a2200000Ii 4500
001 DIGUEAN0030
003 NyNyDIG
006 m o d
007 cr |||||||||||
008 250103s2021 ck a ob 000 0 spa d
035 |a (OCoLC)1463605669 
040 |a DGITA  |b eng  |e rda  |e pn  |c DGITA 
020 |a 9789587566642  |q eBook 
043 |a s-ck--- 
050 1 4 |a HD2346.C7 ebook 
245 0 0 |a Nueve casos de MyPEs :  |b micro y pequeñas empresas en Colombia /  |c Rafael Pérez-Uribe [and 15 others]. 
246 3 0 |a Micro y pequeñas empresas en Colombia 
264 1 |a Bogotá :  |b Ediciones EAN,  |c 2021. 
300 |a 1 online resource :  |b illustrations. 
336 |a text  |b txt  |2 rdacontent 
337 |a computer  |b c  |2 rdamedia 
338 |a online resource  |b cr  |2 rdacarrier 
347 |a text file  |2 rdaft 
347 |b PDF 
504 |a Includes bibliographical references. 
588 0 |a Online resource; title from PDF title page (Digitalia, viewed January 3, 2025) 
650 0 |a Small business  |z Colombia. 
700 1 |a Pérez Uribe, Rafael Ignacio,  |e author. 
791 2 |a Digitalia (Firm),  |e distributor. 
793 0 |g Digitalia eBook Collection:  |a Universidad EAN 
856 4 0 |3 Digitalia Hispánica  |u https://www.digitaliapublishing.com/a/160911/ 
910 |a Premium collection: 2025